[Event "Nikolaev zt"]
[Site "Nikolaev"]
[Date "1995.??.??"]
[Round "7"]
[White "Borovikov, Vladislav"]
[Black "Stripunsky, Alexander"]
[Result "0-1"]
[WhiteElo "2485"]
[BlackElo "2495"]
[Annotator "Hecht,H"]
[PlyCount "126"]
[EventDate "1995.03.??"]
[EventType "swiss"]
[EventRounds "11"]
[EventCountry "UKR"]
[SourceTitle "CBM 047"]
[Source "ChessBase"]
[SourceDate "1995.08.01"]
[SourceVersion "1"]
[SourceVersionDate "1995.08.01"]
[SourceQuality "1"]

1. d4 d5 2. c4 c6 3. Nf3 Nf6 4. Nc3 e6 5. Bg5 h6 6. Bxf6 Qxf6 7. e3 Bd6 8. Bd3
Qe7 9. O-O Nd7 10. c5 Bc7 11. e4 dxe4 12. Nxe4 O-O 13. Re1 Rd8 14. Qc2 Nf8 15.
Ng3 Bd7 16. Re4 Be8 17. Rae1 Bxg3 18. hxg3 f6 19. Bc4 Bf7 20. Qc3 Qd7 21. b4
Re8 22. g4 Rad8 23. Qb3 a6 24. a3 g5 25. R4e2 Kg7 26. Rd2 Ng6 27. g3 Re7 28.
Kg2 Rde8 29. Qc3 Rh8 30. Rh1 Ree8 31. Rdd1 Ne7 32. Nd2 Nd5 33. Qf3 Bg6 34. Bd3
Bxd3 35. Qxd3 e5 36. Qf3 exd4 37. Nc4 Nc3 38. Rd3 Qd5 39. Nd6 Re5 40. Nxb7
Qxf3+ 41. Kxf3 f5 42. Rxd4 fxg4+ 43. Kxg4 Ne4 44. Rf1 h5+ 45. Kf3 Rf8+ 46. Kg2
h4 47. Re1 h3+ 48. Kg1 Nd2 49. Rxe5 Nf3+ 50. Kh1 Nxe5 51. Re4 {RN<->-RN Motive:
taktisches Endspiel, Mattangriff, S-Einkreisung} Nd3 52. Kh2 Nxf2 53. Re2 g4
54. Na5 Nd3 55. Nxc6 Rf1 56. Ne5 Nf2 57. Rxf2 Rxf2+ 58. Kh1 Re2 $1 59. Nxg4 Re4
$1 60. Nf2 Re1+ 61. Kh2 Re2 62. Kxh3 Rxf2 63. a4 Rb2 0-1

[Event "DEN-ch"]
[Site "Nyborg"]
[Date "2001.04.11"]
[Round "5"]
[White "Schandorff, Lars"]
[Black "Rasmussen, Karsten"]
[Result "1-0"]
[WhiteElo "2511"]
[BlackElo "2410"]
[Annotator "Hecht,H"]
[PlyCount "181"]
[EventDate "2001.04.07"]
[EventType "tourn"]
[EventRounds "9"]
[EventCountry "DEN"]
[EventCategory "8"]
[SourceTitle "CBM 083"]
[Source "ChessBase"]
[SourceDate "2001.07.05"]
[SourceVersion "1"]
[SourceVersionDate "2001.07.05"]
[SourceQuality "1"]

1. d4 d5 2. c4 c6 3. Nf3 Nf6 4. Nc3 e6 5. Bg5 h6 6. Bxf6 Qxf6 7. g3 Nd7 8. Bg2
dxc4 9. O-O Be7 10. Ne4 Qf5 11. Ned2 e5 12. Nxc4 exd4 13. Nxd4 Qf6 14. e3 O-O
15. Qh5 Nb6 16. Nd2 Qg5 17. Qxg5 hxg5 18. h3 Rd8 19. Rfd1 a5 20. g4 a4 21. a3
Ra5 22. Ne4 c5 23. Nf5 Bxf5 24. gxf5 Rb5 25. Rxd8+ Bxd8 26. Rc1 c4 27. Nd6 Rxb2
28. Nxc4 Nxc4 29. Rxc4 Rb1+ 30. Bf1 Kf8 31. Rxa4 Ke7 32. Rd4 Bb6 33. Rd5 Bc7
34. Kg2 Bd6 35. a4 b6 36. Bb5 Rc1 37. Rd2 Rc5 38. Bd3 Rd5 39. Kf3 Bc5 40. Kg4
Kf6 41. h4 gxh4 42. Kxh4 g6 43. fxg6 fxg6 44. Kg4 g5 45. Kf3 Rd7 46. Rd1 Ke5
47. Ke2 Rg7 48. Bc4 Kf6 49. Kf3 Rh7 50. Kg3 Rh4 51. Bb5 Rb4 52. Rd5 Rb1 53. Bd7
{[#] Die weiße Idee a4-a5 muss bedient werden.} Ra1 54. Rf5+ Kg6 55. Rd5 Kf6
56. Kf3 Rc1 57. Rf5+ Kg6 58. Rd5 Rc4 $6 {Soll das Vorgehen des weißen Königs
unterbinden, verliert aber die Idee a4-a5 aus den Augen.} (58... Ra1 $142) (
58... Kf6 $142) 59. Bb5 Rb4 $2 (59... Rc1 $142) 60. Bd3+ Kh5 61. a5 $1 {
Das Schaffen eines zweiten weit vorgerückten Freibauern bedeutet
entscheidenden Vorteil} Kh4 62. a6 Ra4 63. Rd7 g4+ 64. Kg2 Ra2 65. Bc4 Ra5 66.
Rd5 Ra3 67. Rd2 Ra4 68. Rc2 Kg5 69. Bb5 Ra5 70. Be2 Kf6 71. Kg3 Ke5 72. Kxg4
Kd6 73. Rb2 Kc6 74. Bb5+ Kc7 75. Rb3 Kb8 76. f4 Bxe3 77. Rxe3 Rxb5 78. Re7 Rb1
79. f5 Rg1+ 80. Kh5 Rh1+ 81. Kg6 Rg1+ 82. Kf7 Ka8 83. f6 Rf1 84. Kg7 b5 85. Re5
Rg1+ 86. Kh7 Rh1+ 87. Kg6 b4 88. f7 Rg1+ 89. Kf6 Ka7 90. f8=Q Rf1+ 91. Rf5 1-0

[Event "Novgorod 3rd"]
[Site "Novgorod"]
[Date "1996.07.21"]
[Round "2"]
[White "Ivanchuk, Vassily"]
[Black "Kramnik, Vladimir"]
[Result "1-0"]
[WhiteElo "2730"]
[BlackElo "2765"]
[Annotator "Huzman,A"]
[PlyCount "80"]
[EventDate "1996.07.20"]
[EventType "tourn"]
[EventRounds "10"]
[EventCountry "RUS"]
[EventCategory "19"]
[SourceTitle "CBM 054"]
[Source "ChessBase"]
[SourceDate "1996.10.01"]
[SourceVersion "1"]
[SourceVersionDate "1996.10.01"]
[SourceQuality "1"]

1. d4 {HarZvi Tischbierek} d5 2. c4 c6 3. Nc3 Nf6 4. Nf3 e6 5. Bg5 h6 6. Bxf6
Qxf6 7. e3 Nd7 8. Bd3 dxc4 9. Bxc4 g6 10. O-O Bg7 11. Rc1 O-O 12. Re1 (12. Ne4
{HarZvi} Qe7 13. Bb3 Rd8 (13... b6 14. Ba4 c5 15. Bc6 Rb8 16. Qa4 $14) 14. Qc2
Nf6 (14... e5 $5) 15. Nc5 b6 16. Ne5 $1 Rd6 (16... bxc5 17. Nxc6 Qc7 18. Nxd8
$14) 17. Ncd3 Bb7 18. Ba4 Rc8 19. b4 Nd7 20. f4 $14 {/+/- Dautov,R-Dreev,A
Reggio Emilia 1995 65/412 [Dreev,A]}) (12. e4 e5 13. d5 Nb6 14. dxc6 bxc6 (
14... Nxc4 $2 {HarZvi} 15. Nd5 $16) 15. Be2 Rd8 16. Qc2 Bg4 17. Nb1 Bxf3 18.
Bxf3 Rd6 19. Nd2 h5 20. Nb3 a5 $14 {Van der Sterren,P-Kamsky,G Wijk ann Zee (m/
7) 1994 59/(456)}) (12. Qe2 {HarZvi} Qe7 13. Rfd1 a6 14. a3 (14. e4 b5 15. Bb3
c5 $15) 14... b6 15. e4 Bb7 16. e5 $6 (16. h3) 16... c5 17. d5 b5 18. Ba2 c4
$15 {Van Wely,L-Dreev,A Wijk Ann Zee 1996 65/413 [Dreev,A]}) (12. b4 {HarZvi
this move is considered to be the main move} Qe7 (12... Rd8 13. Qb3 Qe7 14. a4
a5 15. bxa5 Rxa5 16. Rfd1 b6 17. Be2 Bb7 18. Nd2 c5 19. Nc4 Raa8 20. d5 Bxc3
21. dxe6 Qxe6 22. Rd6 $13 {Beliavsky,A-Dreev,A Novosibirsk 1995 65/409 
[Beliavsky,A]}) 13. Qb3 (13. b5 c5 14. Bb3 b6 15. d5 Bxc3 16. Rxc3 Qf6 17. Rc4
e5 $13 {Milovanovic,R-Peng,Zhaoqin Pozarevac 1995 64/(390)}) 13... b6 14. a3 $6
(14. e4) 14... Bb7 15. e4 Rab8 16. Rfe1 Rfe8 17. Rcd1 $2 (17. e5 c5 18. d5 exd5
19. Nxd5 Bxd5 20. Bxd5 Nxe5 21. Nxe5 Bxe5 22. Rxe5 Qxe5 23. Bxf7+ Kg7 24. Bxe8
Rxe8 $10) 17... a6 $3 $15 {with c5 on the next move Van Wely,L-Huzman,A
Amsterdam 1995 64/390 [Huzman,A]}) 12... Qe7 (12... Rd8 $5 13. e4 e5 14. d5 Nb6
15. Bb3 Bg4 $10) 13. e4 Rd8 {HarZvi: normally black does not allow white to
play e5,and play e5 by him self,see annotation to white's 12 move [ 12.e4 ]
this is a strange decision by Kramnik} (13... e5 14. d5 Nb6 15. Bb3 $16) 14. e5
b6 {N/} (14... b5 15. Bd3 Bb7 16. Ne4 c5 17. Nxc5 {1/2-1/2/ Khalifman-Huzman 
(Amsterdam 1995)} Nxc5 18. Rxc5 (18. dxc5 Qc7 $14) 18... a6 19. Rc2 $1 Bxf3 (
19... Ra7 20. Be4 $16) 20. Qxf3 Ra7 21. Re4 Rad7 22. Qe3 $16) 15. Qe2 Rb8 (
15... Bb7 16. Ba6 Rab8 (16... Bxa6 17. Qxa6 {/\Nc3-e4+/-}) 17. Bxb7 Rxb7 18.
Ne4 $16 {><c6}) 16. Bd3 $1 (16. Ba6 $5 c5 17. d5 (17. Bxc8 Rbxc8 18. d5 exd5
19. Nxd5 Qe6 20. Nf4 Qf5) 17... Bxa6 18. Qxa6 exd5 19. Nxd5 Qe6 20. Nc7 Qc6 21.
Nb5 Nf8 22. Nxa7 Qa8 23. Qa3 Ne6 {/\24...b5} 24. Nb5 Qxa3 25. Nxa3 (25. bxa3
Ra8 $44) 25... b5 $44) 16... Bb7 (16... c5 $2 {HarZvi} 17. d5) 17. Be4 {
HarZvi: white got what he should hope in this line,it seems black can not
break with c5,while white enjoyes a big space advantage thanks to the pawn on
e5,just pleasent position to play with white} Nf8 (17... c5 $5 18. Bxb7 (18. d5
exd5 19. Bxd5 (19. Nxd5 Bxd5 20. Bxd5 Nxe5 21. Bxf7+ Kxf7 22. Nxe5+ Qxe5 23.
Qxe5 Bxe5 24. Rxe5 Rd2 $17) 19... Bxd5 (19... Nf8 $10) 20. Nxd5 Qe6 $10) 18...
Rxb7 19. Qe4 (19. d5 exd5 20. Nxd5 Qe6 21. Nf4 Qf5 22. Qa6 Rbb8 23. Nd5 Qe6 24.
Nc7 Qc6 25. Nb5 Nf8 26. Nxa7 Qa8 27. Qa3 Ne6 {/\28...b5} 28. Nb5 Qxa3 29. Nxa3
(29. bxa3 Ra8 $44) 29... b5 $44) (19. Nb5 cxd4 20. Nbxd4 $16 (20. Nd6 Rbb8 21.
Rc7 $16)) 19... Rbb8 20. d5 exd5 21. Nxd5 Qe8 $14) 18. g3 Rbc8 19. a3 Rc7 (
19... c5 20. Bxb7 Qxb7 21. Ne4 Qd5 {Huzman} (21... cxd4 $1 {Tischbierek} 22.
Nd6 Rxd6 23. exd6 (23. Rxc8 Qxc8 24. exd6 Qc6 $44) 23... Rxc1 24. Rxc1 Qd5 25.
Ne1 $1 Qxd6 26. Qa6 $13) 22. Nd6 Rb8 23. Red1 $16) 20. Red1 c5 21. Bxb7 Rxb7
22. Ne4 Rc7 (22... cxd4 23. Nd6 (23. Nxd4 Rd5 24. Nc6 $16) (23. Nxd4 {HarZvi})
23... Rc7 (23... Rbd7 24. Nxd4 $18) 24. Rxc7 (24. Nxd4 Bxe5) 24... Qxc7 25.
Rxd4 $16) 23. dxc5 Rxd1+ 24. Rxd1 bxc5 {/\g6-g5,Nf8-g6} 25. h4 (25. Nd6 {HarZvi
}) 25... Nd7 (25... Rb7 $5 {><b2} 26. Nd6 Rb3 27. Rd3 Rxd3 28. Qxd3 Nd7 29. Nc4
(29. Nc8 Qe8 30. Nxa7 Nxe5 31. Nxe5 Bxe5 32. b3 Bd4 {/\33...e5,34...e4<=>})
29... Nb6 30. Na5 $14) 26. Nd6 Nb6 (26... Rc6 $5 {HarZvi with the idea Nxe5})
27. Nd2 {HarZvi: a very strong move which probably Kramnim had underestimated,
since he could have played 26...Rc6 not allowing this,now white will defend
the e5 pawn with f4 and put the "bad" f3 knight on e4} (27. Qb5 $5 Qd7 (27...
c4 28. Rc1 $14) 28. Qa5 Qc6 $132) 27... Rd7 (27... Bxe5 {HarZvi alomost
working,but almost is not enough} 28. Qxe5 Nd7 29. Qf4 e5 30. Qa4 Qxd6 31. Ne4
{and white takes twice on d7 and give a check on f6 winning}) 28. f4 Rxd6 {
it is clear black position is unpleasent but after this I think losing} (28...
f6 {xe6,g6}) 29. exd6 Qxd6 30. Ne4 Qc6 $2 (30... Bd4+ 31. Kh2 $16 {/\32.b4}) (
30... Qe7 $1 {/\31...Nd5,31...Bd4<=>}) 31. Rd8+ Kh7 32. h5 Qc7 (32... gxh5 33.
Ng5+ Kg6 34. Qd3+ Kf6 (34... f5 35. Nxe6 $18) 35. Rg8 $1 {/\36.Nh7+;36.Qd8+}
hxg5 36. Qd8+ Kf5 37. Qxg5+ Ke4 38. Rxg7 $18) 33. hxg6+ fxg6 34. Rd6 Bd4+ 35.
Kh2 Nd5 36. Rxe6 (36. Qb5 $5 {HarZvi} Nb6 37. b4 $1 {winning}) 36... Qb7 37.
Qg4 Ne7 38. Nd6 Qd7 39. Qe2 Ng8 40. Qe4 Bf6 (40... Bf6 {HarZvi} 41. Ne8 Qd2+
42. Kh3 Qd7 43. g4) 1-0

[Event "Leonid Stein Memorial"]
[Site "Lvov"]
[Date "2000.05.16"]
[Round "4"]
[White "Kortschnoj, Viktor Lvovich"]
[Black "Ivanchuk, Vassily"]
[Result "0-1"]
[WhiteElo "2659"]
[BlackElo "2709"]
[Annotator "Ivanchuk,V"]
[PlyCount "40"]
[EventDate "2000.05.12"]
[EventType "tourn"]
[EventRounds "10"]
[EventCountry "UKR"]
[EventCategory "17"]
[SourceTitle "CBM 077"]
[Source "ChessBase"]
[SourceDate "2000.07.27"]
[SourceVersion "1"]
[SourceVersionDate "2000.07.27"]
[SourceQuality "1"]

{[%mdl 8256]} 1. d4 {Lutz} Nf6 2. c4 e6 3. Nf3 d5 4. Nc3 dxc4 5. Qa4+ c6 6.
Qxc4 b5 7. Qd3 Nbd7 8. e4 b4 9. Na4 Qa5 10. b3 c5 11. Bg5 Bb7 12. Bxf6 gxf6 13.
d5 $6 {This is not the best move, white opens the position with two bishop for
black.  Lutz: 'Wie bereits in den Anmerkungen zu Vauli,A-Korotylev,A angegeben
ist, sollte Weiß hier besser 13.Be2 spielen. Nach dem Textzug gerät Weiß in
Schwierigkeiten.'} (13. Be2 O-O-O 14. O-O Kb8 15. d5 Nb6 16. Nxb6 Qxb6 17. Rad1
Bh6 18. Qc4 Rd6 19. dxe6 Rxe6 20. Rd5 $1 Rhe8 21. Bd3 Rd8 22. Rd1 Red6 23. Be2
Bxd5 24. exd5 Qb7 25. Qh4 Bf8 26. Bc4 $13 {1-0 Karpov,A-Gelfand,B/Linares 1993
(45)}) 13... O-O-O $1 {[%csl Gd5,Ge6]} 14. Be2 f5 {'N' Lutz.} ({Also possible
is} 14... Nb6 15. Nxb6+ Qxb6 16. O-O f5 $36 (16... Rg8 {Lutz} 17. g3 $6 f5 18.
Rfd1 fxe4 19. Qxe4 exd5 20. Qxh7 Bg7 21. Rac1 Kb8 $17 {0-1 Vaulin,A-Korotylev,
A/Moscow 1999/CBM 70/[Lutz] (32)})) 15. exf5 ({Much better was} 15. dxe6 Nb6 $1
16. Nxb6+ Qxb6 17. Qc4 fxe4 18. Ng5 {with a very unclear position.}) 15... Nb6
16. Nxb6+ Qxb6 17. O-O $6 {'?' Lutz.} ({After} 17. fxe6 fxe6 18. Ne5 $1 (18. d6
Rxd6 (18... Bg7 $6 19. O-O-O $1) 19. Qc4 Bg7 20. Rc1 Bc3+ 21. Rxc3 bxc3 22.
Qxc3 Qb4 $17) (18. O-O {Lutz}) 18... Rxd5 19. Nc4 {white 's position is still
playable}) 17... Rxd5 18. Qe3 Rxf5 {'-/+' Lutz. Lutz: 'Abgesehen von seinem
Mehrbauern hat Schwarz auch noch Druck gegen den weißen Königsflügel.'} 19. Ne5
$2 {It's difficult to find a move.} (19. g3 Qc6 $1) (19. Ne1 Bg7 20. Rd1 Rg8
$40) (19. a3 $5 {Lutz}) 19... Rg8 20. g3 {'?' Lutz. Lutz: 'Führt zu einer
tödlichen Schwächung der Diagonalen h1-a8, wie gleich deutlich wird.'} (20. Nf3
$17 {Lutz}) 20... Bg7 {Now there is no defence against the threat 21...Be5 and
22...Qc6.  Lutz: '... und Kortschnoj verlor die Lust am Weiterspielen.
Verständlich, wenn man die Varianten sieht:'} (20... Bg7 21. f4 (21. Nc4 {Lutz}
Qc6 22. f3 Bd4 $19) 21... Bxe5 22. fxe5 Qc6 $19) 0-1

[Event "EU-Cup 16th"]
[Site "Neum"]
[Date "2000.09.26"]
[Round "3.4"]
[White "Greenfeld, Alon"]
[Black "Gurevich, Mikhail"]
[Result "1/2-1/2"]
[WhiteElo "2574"]
[BlackElo "2667"]
[Annotator "Ivanov,Se"]
[PlyCount "39"]
[EventDate "2000.09.24"]
[EventType "team-swiss"]
[EventRounds "7"]
[EventCountry "BIH"]
[SourceTitle "CBM 080"]
[Source "ChessBase"]
[SourceDate "2001.01.25"]
[SourceVersion "1"]
[SourceVersionDate "2001.01.25"]
[SourceQuality "1"]
[WhiteTeam "Beer Sheva"]
[BlackTeam "Breda"]
[WhiteTeamCountry "ISR"]
[BlackTeamCountry "NED"]

1. d4 d5 2. c4 c6 3. Nf3 Nf6 4. Nc3 e6 5. Bg5 h6 6. Bh4 dxc4 7. e4 g5 8. Bg3 b5
9. Be2 Bb7 10. h4 g4 11. Ne5 h5 12. O-O Nbd7 13. Qc2 Bg7 (13... Nxe5) 14. Nxd7
$5 $146 (14. Rad1 Qb6 (14... Qe7 $13 {Lutz}) 15. Na4 {Sokolov,I-Novikov,I/
Antwerp 1997}) 14... Nxd7 15. e5 $1 c5 16. Nxb5 O-O 17. Nd6 Qb6 18. dxc5 Qc6
19. Nxb7 Qxb7 20. Bxc4 $16 {...} 1/2-1/2

[Event "Poikovsky Karpov 15th"]
[Site "Poikovsky"]
[Date "2014.05.12"]
[Round "2"]
[White "Bologan, Viktor"]
[Black "Jakovenko, Dmitrij"]
[Result "0-1"]
[WhiteElo "2655"]
[BlackElo "2730"]
[Annotator "Jakovenko,D"]
[PlyCount "70"]
[EventDate "2014.05.11"]
[EventType "tourn"]
[EventRounds "9"]
[EventCountry "RUS"]
[EventCategory "18"]
[SourceTitle "CBM 161"]
[Source "ChessBase"]
[SourceDate "2014.07.16"]
[SourceVersion "1"]
[SourceVersionDate "2014.07.16"]
[SourceQuality "1"]

1. d4 Nf6 2. c4 e6 3. Nf3 d5 4. Nc3 c6 5. Bg5 h6 6. Bh4 dxc4 7. e4 g5 8. Bg3 b5
9. Be2 Bb7 10. O-O Nbd7 11. Ne5 Bb4 {Viorel had never played the Anti-Moscow
Gambit and I had not reviewed my analyses before the game. So I decided to
play this very rare move which was introduced to the top level by Vladimir
Kramnik in an old 2008 game.} ({The main lines are} 11... Bg7 {and}) (11... h5)
12. Qc2 ({The game Miton,K - Kramnik,V continued} 12. Nxd7 Nxd7 13. Qc2 ({
The more aggressive} 13. f4 {has been played in two games of Gabriel
Sargissian and he won both. But in the latter one he had Black!}) 13... h5 14.
h3 g4 15. hxg4 hxg4 16. Bxg4 Qg5 17. Bh3 Nf6 {and here} 18. Rfe1 $5 ({or} 18.
a3 $5 {deserves attention.})) 12... Nxe5 $5 {This is a novelty prepared about
five years ago when I was young and optimistic enough to play the Anti-Moscow
on purpose.} 13. Bxe5 ({I don't believe in White's attack after} 13. dxe5 Nd7 {
although he will have his chances after putting the rook on d6.}) 13... O-O 14.
Rad1 ({Of course,} 14. f4 $6 {is met by} Nd7) ({But} 14. a3 $5 {deserved
attention, with the idea} Ba5 $6 ({Instead Black should choose between} 14...
Bxc3 15. bxc3 c5) ({and} 14... Be7 15. Rad1 a6 $5) 15. f4 Nd7 16. Bd6) 14...
Qe7 {Now we have transposed to the game Anand,V - Kramnik,V from the World
Championship in 2008 in which Black was considered to have a good position.
This was the idea of my novelty - and yes, as one may have noticed, I like
Kramnik's opening choices! One small problem was that I could not remember
either how the game continued or any of my analyses.} 15. b3 ({Anand played} 
15. Bxf6 Qxf6 16. f4 (16. e5 Qf5) 16... Qg7 17. e5 c5 18. Nxb5 cxd4 19. Qxc4 a5
$15 {and Black seized the initiative. The idea of Bologan's move is to free
the d3-square for his bishop and prevent the black queen from coming to the
h7-b1 diagonal after Bxf6 and e5.}) 15... cxb3 16. axb3 ({Marin in his
commentaries to Anand - Kramnik recommended} 16. Qxb3 {with a repetition of
moves after} Nd7 17. Bg3 Nf6 ({Modern engines also suggest} 17... a6 $5)) 16...
Rac8 $6 ({I have considered the strongest} 16... Nd7 $1 17. Bg3 e5 {(again
Marin's recommendation, by the way)} 18. Bg4 ({Better is} 18. Na2 Ba5 19. dxe5
Nxe5 20. f4 gxf4 21. Bxf4 Rfd8 $132) 18... Nf6 19. Bf5 exd4 20. Rxd4 Rad8 {
And here I was not sure about the complications after} 21. Rxd8 ({or} 21. Rxb4
Qxb4 22. e5 Nh5) 21... Rxd8 22. e5 Nh5 23. Ne4 c5 24. Nd6 Bd5 {. So I decided
to look for something else and then just forgot about this line. In fact,
Black is just better in both positions.}) 17. Bxf6 Qxf6 18. e5 Qg7 19. Ne4 c5 {
This breakthrough was the idea of my 16th move but it doesn't solve all the
problems.} 20. Nf6+ (20. Nd6 cxd4 21. Nxc8 Rxc8 22. Qd3 Qxe5 23. Qxd4 Qxd4 24.
Rxd4 Bc5 {is not dangerous for Black.}) 20... Kh8 21. d5 {Very natural.} ({
I was slightly worried about} 21. Bd3 cxd4 22. Qe2 {, planning f2-f4, but here
Black has} g4 $1 {and White's compensation is insufficient.}) ({A serious
alternative to the move in the game was} 21. dxc5 $5 Rxc5 22. Qa2 {[%cal Gf6d7]
. White threatens Nf6-d7. It seems that Black should have enough compensation
with two bishops and at least one pawn but his king is not save. For example:}
Rxe5 (22... a6 23. Nd7 Rc3 24. Nxf8 Qxf8 {does not look too appealing eigther})
23. Nd7 Kg8 24. Nxf8 Qxf8 25. Bh5 {with an unpleasant initiative.}) 21... exd5
({After} 21... Bxd5 22. Bxb5 {Black has no counterplay.}) 22. f4 $2 {Viorel
goes wrong.} ({He should have prevented c5-c4 by simply taking the pawn:} 22.
Bxb5 $1 {Here Black's task is very tough. Houdini tries to hold with moves like
} a6 ({Playing 16...Rac8 I was counting on} 22... c4 23. bxc4 a6 {but it does
not work because of} 24. Qb2 $16) 23. Bd3 a5 24. Qe2 Rc7 {But it's clear that
White's attack is very dangerous, especially in a practical game.} 25. f4 $36 (
25. Nh5 Qg8 26. f4 $36)) 22... c4 $1 {After this move I felt that my
counterplay was at least sufficient. In fact, Black is much better now.} 23.
Kh1 ({It's very important that} 23. fxg5 {is met by} Qg6 $1) ({After} 23. bxc4
{Black answers} dxc4 $1 (23... bxc4 24. Kh1 {is much better for White than in
the game as Black has not possibility to take on b3}) 24. fxg5 Rcd8 (24... Qg6
$2 25. Qxg6 fxg6 26. Rd7) 25. Bf3 Rxd1 26. Qxd1 Bc8 $15) (23. Nxd5 gxf4 24.
Rxf4 Rfd8 (24... cxb3 25. Qxb3 Bc5+ 26. Kh1 Qxe5 $17) 25. Bf3 Bxd5 26. Bxd5 Qg6
27. Qe2 Rxd5 $1 28. Rxd5 c3) 23... d4 {The most concrete. Black opens up the
way for his light-coloured bishop.} 24. Rxd4 ({After} 24. bxc4 gxf4 25. Bf3
Rxc4 26. Qf2 Bc6 $15 {despite three extra pawns things are not that clear but
Black should be better.}) 24... gxf4 (24... Rcd8 {was another possibility but
I preferred a more forced continuation.}) 25. Bf3 Bxf3 26. gxf3 (26. Rxf3 cxb3
27. Qxb3 Qg6 $1 $17 (27... a5 28. Rdxf4 Bd2 29. Rf5) 28. Rdxf4 Bd2 29. Rf5 Qxf5
30. Rxf5 Rc1+) 26... cxb3 27. Qxb3 Bc3 $2 {Here I was choosing between this
move and 27...Rg8. When I noticed my 32nd move I could not resist.} (27... Rg8
$1 {was stronger:} 28. Ng4 (28. Nxg8 Rxg8 29. Qc2 Bc5 30. Rdd1 b4 $19) 28...
Be7 $1 29. Rxf4 (29. Rd7 Rce8 $19) 29... Rc4 $1 {This is what I missed.} 30.
Rxc4 (30. Rf5 Qg6 31. Qxb5 Rb4 32. Qd7 Rb2 $19 {[%cal Gh6h5]}) 30... bxc4 31.
Qxc4 h5 32. Ne3 Qxe5 $17 {and Black should win.}) 28. Rxf4 $2 {White misses
his chance.} ({After} 28. Rdd1 $1 Bxe5 29. Nd7 Rfe8 30. Rg1 Qh7 31. Qxb5 {
White's counterplay is very strong:} Bg7 32. Rd6 Re7 33. Nf6 Bxf6 34. Rxf6 Rg8
35. Rxg8+ Kxg8 36. Rxf4 {and this should be draw.}) 28... Bxe5 29. Rg1 Rc1 30.
Rxc1 Bxf4 31. Nh5 Qg5 {All these moves were forced, and now there is the point:
} 32. Qb4 $2 (32. Nxf4 {was more stubborn:} Qxf4 33. Qc3+ f6 34. Rg1 b4 {
and Black should gradually win.}) 32... Bd6 $1 {This beautiful geometry
finishes the struggle.} 33. Qc3+ Be5 34. f4 Bxc3 35. fxg5 b4 {White resigned.}
0-1